Statistics for População do Distrito de Vila Real por ordem

Click here to take the quiz!

General Stats

  • This quiz has been taken 5 times
  • The average score is 8 of 14

Answer Stats

HintAnswer% Correct
49 571 hab.Vila Real
100%
37 590 hab.Chaves
80%
5 884 hab.Ribeira de Pena
80%
10 486 hab.Alijó
60%
5 000 hab.Boticas
60%
6 410 hab.Mondim de Basto
60%
9 261 hab.Montalegre
60%
5 245 hab.Murça
60%
14 540 hab.Peso da Régua
60%
11 812 hab.Vila Pouca de Aguiar
60%
3 547 hab.Mesão Frio
40%
5 548 hab.Sabrosa
40%
6 100 hab.Santa Marta de Penaguião
40%
14 701 hab.Valpaços
40%

Score Distribution

Percentile by Number Answered

Percent of People with Each Score

Your Score History

You have not taken this quiz